000 03462nam a2200325 4500
003 EC-UNACH
005 20251014120229.0
006 s||||gr|||| 00| 00
008 150116t9999 mx r gr 000 0 spa d
020 _a978-958-648-866-2
040 _aEC-UNACH
_cEC-UNACH
041 _aspa
082 0 4 _223
_a363.11
_bL011274
110 _aLitoperla impresores ltda
245 _aSeguridad y salud en el trabajo conceptos basicos
250 _aTercera edición
264 _aColombia
_bLitoperla impresores ltda
_c2013
300 _a132
505 _a Introducción Capítulo 1. Historia mundial de la seguridad y salud en el trabajo Las primeras máquinas Consecuencias económicas y sociales de la revolución industrial Teorís del riesgo profesional Teoría del riesgo social Seguridad social Seguros sociales Capítulo 2. Historia de la seguridad y salud en el trabajo en Colombia Seguros sociales en Colombia Principales organismos dedicados a la seguridad y salud en el trabajo Capítulo 3. Salud-trabajo Salud Concepciones médicas de la salud Concepciones sociales de la salud Concepción ideal de la salud Como centro del proceso productivo Historia natural de la enfermedad Trabajo Capítulo 4. Definiciones básicas de seguridad y salud en el trabajo Objetivos de la seguridad y salud en el trabajo Higiene industrial Técnicas de actuación Seguridad industrial Ecología Otras disciplinas de apoyo Ramas que componen la higiene industrial Formas de actuación de cada una de las ramas de la higiene industrial Higiene de campo El ambiente de trabajo Clasificación general de factores de riesgo Medidas correctivas Vías de ingreso de los contaminantes al organismo Límites máximos permisibles, T. L. VS (“Threshold Limit Values”) Capítulo 5. Enfermedad laboral Factores que intervienen en el desarrollo de una enfermedad laboral Diagnóstico de las enfermedades laborales Evidencia de la enfermedad Certeza de la exposición al riesgo Clasificación de enfermedades laborales Enfermedad asociada al trabajo Accidente de trabajo Definición de accidente de trabajo Factores que inciden en la ocurrencia de los accidentes de trabajo Secuencia del accidente Costos de los accidentes Iceberg de los costos producidos por los accidentes Filosofía de la prevención de accidentes Psicología en la prevención de accidentes Notificación de accidentes e incidentes Investigación de accidentes de trabajo Procedimiento de investigación de accidentes e incidentes Registro de accidentes Utilidad de los registros Estadísticas de accidentes Responsabilidad y promoción de la seguridad Etapas de un programa de seguridad y actividades en cada una de ellas Elementos para un programa de prevención de accidentes Factores personales Factores del trabajo Actuaciones posibles en el camino hacia el accidente/incidente Etapa preventiva Etapa de protección Etapa reparadora El sistema de gestión en la empresa Modelo Dupont Norma UNE 81900 Modelo OHSAS 18001 Ciclo PHVA Bibliografía Consultas electrónicas
650 _aHISTORIA MUNDIAL DE LA SEGURIDAD Y SALUD
650 _aDEFINICIONES BASICAS DE SEGURIDAD
650 _aENFERMEDAD LABORAL
700 _aFernando Henao Robledo
942 _2ddc
_c1
999 _c13996